000
00282nam a2200109Ia 4500
008
190216s9999||||xx |||||||||||||| ||und||
100
_a
Emil H White
245
0
_a
Chemical Background For The Biological Science
260
_b
Prentice Hall India
650
_a
Biochemistry
942
_c
BK
999
_c
1025
_d
1025